Interpolation of linear operators /

Bibliographic Details
Main Author: Kreĭn, S. G. (Selim Grigorʹevich), 1917-1999
Other Authors: Petunin, I︠U︡riĭ Ivanovich, Semenov, E. M. (Evgeniĭ Mikhaĭlovich)
Format: Book
Language:English
Published: Providence, R.I. : American Mathematical Society, [1982]
Series:Translations of mathematical monographs ; v. 54.
Subjects:

MARC

Tag First Indicator Second Indicator Subfields
LEADER 00000pam a2200000 a 4500
001 in00000092292
005 20200411063055.0
008 811123s1982 riu b 00110 eng
010 |a  81020637  
020 |a 0821845047 
020 |z 0821845057 
035 |a (OCoLC)08034283 
035 |9 AAK7375AM 
039 0 |a 2  |b 3  |c 3  |d 3  |e 3 
040 |a DLC  |c DLC  |d TXA  |d UtOrBLW 
041 1 |a eng  |h rus 
049 |a TXAM  |c [1673602] 
050 0 0 |a QA329.2  |b .K7313 1981 
082 0 |a 515.7/246  |2 19 
090 |a QA329.2  |b  K7313 1982 
100 1 |a Kreĭn, S. G.  |q (Selim Grigorʹevich),  |d 1917-1999. 
240 1 0 |a Interpoli︠a︡t︠s︡ii︠a︡ lineĭnykh operatorov.  |l English 
245 1 0 |a Interpolation of linear operators /  |c by S.G. Krein, Ju.I. Petunin, E.M. Semenov ; [translated from the Russian by J. Szucs]. 
264 1 |a Providence, R.I. :  |b American Mathematical Society,  |c [1982] 
264 4 |c ©1982 
300 |a xii, 375 pages ;  |c 24 cm. 
336 |a text  |b txt  |2 rdacontent 
337 |a unmediated  |b n  |2 rdamedia 
338 |a volume  |b nc  |2 rdacarrier 
490 1 |a Translations of mathematical monographs,  |v v. 54 
500 |a Translation of: Interpoliatsiia lineinykh operatorov. 
500 |a Includes indexes. 
504 |a Bibliography: pages 355-371. 
650 0 |a Linear operators. 
700 1 |a Petunin, I︠U︡riĭ Ivanovich. 
700 1 |a Semenov, E. M.  |q (Evgeniĭ Mikhaĭlovich) 
830 0 |a Translations of mathematical monographs ;  |v v. 54. 
999 |a MARS 
999 f f |s 88d64ae4-15a4-382f-a2d8-02131df74184  |i 5fe3e59c-9ea3-3dcd-9467-e663c3048fc0  |t 0 
952 f f |p normal  |a Texas A&M University  |b College Station  |c Sterling C. Evans Library  |d Evans: Library Stacks  |t 0  |e QA329.2 K7313 1982  |h Library of Congress classification  |i unmediated -- volume  |m A14806006556 
998 f f |a QA329.2 K7313 1982  |t 0  |l Evans: Library Stacks